|
|
|
|
| LEADER |
00000nab a2200000ua 4500 |
| 001 |
vtls010798023 |
| 003 |
SK-MaSNL |
| 005 |
20260303124347.0 |
| 008 |
230214s1965 xo |||||||||||||||||slo| |
| 035 |
|
|
|a (urnnbn)urn:nbn:sk:snk:ar-a037os
|
| 035 |
|
|
|a (uuid)3391893b-4630-4e64-8840-b4451e2a0347
|
| 035 |
|
|
|a urn:nbn:sk:snk-ab54aw
|
| 040 |
|
|
|a SNKBUCL
|b slo
|c SNKBUCL
|e AACR2
|
| 041 |
0 |
|
|a slo
|
| 044 |
|
|
|a xo
|c SK
|
| 100 |
1 |
|
|a Topinková, B.
|4 aut
|9 1141371
|
| 245 |
1 |
0 |
|a VPLYV VÍRUSU CHRÍPKY NA DETOXIKÁCIU HELEBRÍNU
|c B. Topinková, F. Link, P. Záčková
|
| 700 |
1 |
|
|a Link, F.
|4 aut
|9 190365
|
| 700 |
1 |
|
|a Záčková, P.
|4 aut
|9 1141372
|
| 773 |
0 |
|
|t Bratislavské lekárske listy
|g Roč. 45, č. 7 (1965), s. 417-423
|
| 954 |
|
|
|a odborná, vedecká literatúra pôvodná (slovenská)
|2 lita
|
| 958 |
|
|
|a OND
|
| 958 |
|
|
|a EUIPO
|
| 958 |
|
|
|a article3
|
| 999 |
|
|
|c 1930121
|d 1932051
|